Οι κύριοι της αλήθειας στην αρχαϊκή Ελλάδα : αντί προλόγου : επιστροφή στο στόμα της αλήθειας
Αποθηκεύτηκε σε:
| Κύριος συγγραφέας: | |
|---|---|
| Άλλοι συγγραφείς: | , , |
| Μορφή: | Βιβλίο |
| Γλώσσα: | Greek French |
| Δημοσίευση: |
Αθήνα :
Πατάκη,
2002.
|
| Έκδοση: | 2η έκδ. |
| Σειρά: | Ανθρωπολογία της αρχαίας Ελλάδας
|
| Θέματα: | |
| Ετικέτες: |
Προσθήκη ετικέτας
Δεν υπάρχουν, Καταχωρήστε ετικέτα πρώτοι!
|
MARC
| LEADER | 00000cam a2200000 i 4500 | ||
|---|---|---|---|
| 001 | 1/87744 | ||
| 008 | 051019s2002 gr | ||| |||| ||gre|| | ||
| 020 | |a 9601601716 | ||
| 035 | |l 10080900 | ||
| 040 | |a GR-MyUA |b gre |e AACR2 | ||
| 041 | 1 | |a gre |h fre | |
| 082 | 0 | |a 111.83 |2 (22) | |
| 100 | 1 | |a Detienne, Marcel. | |
| 245 | 1 | 3 | |a Οι κύριοι της αλήθειας στην αρχαϊκή Ελλάδα : |b αντί προλόγου : επιστροφή στο στόμα της αλήθειας / |c Marcel Detienne ; εισαγωγή στην πρώτη έκδοση Pierre Vidal-Naquet ; μετάφραση Στέφανος Οικονόμου, Κατερίνα Αλεξοπούλου. |
| 250 | |a 2η έκδ. | ||
| 260 | |a Αθήνα : |b Πατάκη, |c 2002. | ||
| 300 | |a 284 σ. ; |c 21 εκ. | ||
| 490 | 1 | |a (Ανθρωπολογία της Αρχαίας Ελλάδας) | |
| 500 | |a Μετάφραση από τα γαλλικά | ||
| 500 | |a Τίτλος πρωτοτύπου: Les maitres de verite dans la Grece archaique. | ||
| 504 | |a Περιέχει βιβλιογραφία (σ. [281]-284). | ||
| 650 | 0 | 0 | |a Truth. |
| 650 | 0 | 0 | |a Philosophy, Ancient. |
| 650 | 0 | 0 | |a Aletheia (The Greek word) |
| 700 | 1 | |a Vidal-Naquet, Pierre, |e aui | |
| 700 | 1 | |a Οικονόμου, Στέφανος, |e trl | |
| 700 | 1 | |a Αλεξοπούλου, Κατερίνα, |e trlf | |
| 830 | 0 | |a Ανθρωπολογία της αρχαίας Ελλάδας | |
| 852 | |a INST |b LESVOS |e 20051019 |h 111.83 DET |p 005100032842 |q 005100032842 |t BK |y 0 | ||
| 901 | |a BIBL1-2005-3 | ||
| 909 | |a Λ |b 124361 | ||
| 922 | |a 1ΕΛΗ |b 200510 |c Παράρτημα Λέσβου |d Χαατζηδανιήλ | ||
| 970 | |a ΚΑΡΑ |b ΓΙΑΣΕΜΗ |z 2005/10/19 | ||